Normal view
MARC view
Entry Nombre de reunión
001 - NÚMERO DE CONTROL
- campo de control: 55623
003 - IDENTIFICADOR DEL NÚMERO DE CONTROL
- campo de control: OSt
005 - FECHA Y HORA DE LA ÚLTIMA TRANSACCIÓN
- campo de control: 20200615034715.0
008 - DATOS DE LONGITUD FIJA
- campo de control de longitud fija: 200615|| aca||aabn | a|a d
040 ## - FUENTE DE LA CATALOGACIÓN
- Centro catalogador/agencia de origen: OSt
- Centro/agencia transcriptor: OSt
111 ## - ENCABEZAMIENTO--NOMBRE DE CONGRESO/REUNIÓN
- Nombre de congreso/reunión o jurisdicción como elemento de entrada: Seminario la participación popular en viviendas de bajo costo(1-5/1982)
670 ## - FUENTE DE DATOS ENCONTRADOS
- Cita de la fuente: Work cat.: (OSt)28149: Seminario la participación popular en viviendas de bajo costo(1-5/1982)., Participación popular en viviendas de bajo costo :, [19--?].
